A romkocsmák múltja, jelene, jövője

Bibliographic Details
Main Author: Papp Boróka Anna
Other Authors: Rudolfné Katona Dr. Mária
Format: Thesis
Kulcsszavak:Romkocsma
Budapest
Szimpla Kert
VII. kerület
újhullámos romkocsma
Online Access:http://dolgozattar.uni-bge.hu/3920

MARC

LEADER 00000nta a2200000 i 4500
001 dolg3920
005 20160208140401.0
008 151202suuuu hu om 000 hun d
040 |a BGE Dolgozattár Repozitórium  |b hun 
041 |a hu 
100 1 |a Papp Boróka Anna 
245 1 2 |a A romkocsmák múltja, jelene, jövője  |c Papp Boróka Anna  |h [elektronikus dokumentum] 
695 |a Romkocsma 
695 |a Budapest  
695 |a Szimpla Kert 
695 |a VII. kerület 
695 |a újhullámos romkocsma 
700 1 |a Rudolfné Katona Dr. Mária  |e ths 
856 4 0 |u http://dolgozattar.uni-bge.hu/3920/1/SZAKDOLG.pdf  |z Dokumentum-elérés